000 00536nam a2200217Ia 4500
999 _c50524
_d50524
001 17473
003 GE_BSU
005 20200221165508.0
008 181216s||||||||xx |||||||||||||| ||und||
020 _a978007122004
040 _cGE_BSU
041 _aeng
080 _a616.04 L-63
100 _aLewis, Ricki
_97339
245 _aHuman Genetics:
_bConcepts and Applications /
_cRicki Lewis.
264 _c2008.
300 _a446 p.
653 _aმედიცინა
653 _aგენეტიკა
942 _cBK
_2udc